Devinez le Pays Mystère #124 - Statistiques

Statistiques générales
  • Ce quiz a été pris 434 fois
  • Le résultat moyen est 9 sur 11
Statistiques - réponses
Type de Réponse Réponse % Correct
Lettre Trouvée É
99%
Lettre Trouvée N
95%
Lettre Trouvée I
93%
Lettre Bien Placée É
90%
Lettre Bien Placée N
88%
Lettre Bien Placée N
82%
Lettre Trouvée B
81%
Lettre Bien Placée I
80%
Lettre Bien Placée B
79%
Pays Mystère Bénin
79%
Lettre Trouvée N
79%
Aucun quiz correspondant
Distribution des résultats
% des personnes avec chaque résultat
Percentile par nombre de réponses
Votre historique - résultats
Vous n’avez pas pris ce quiz